00600nam a2200193Ia 450000500170000000800460001703700120006304000210007504100130009608400220010910000200013124500200015126000540017130000100022565000230023594200220025899900210028095201050030120250508152252.0008 250505s9999 xx 000 0 eng d aTextual aFEDL bengcFEDL aeng2eng a158.42, FLEqFEDL aFletcher Ronald 0aInstinct in man aLondon, UKbGeorge Allen and Unwin Limited c1957 a348p. aApplied Psychology cTEXLh158.42, FLE c1335413d1335413 00104070aFEDLbFEDLd2025-05-08l0o158.42, FLEpEL0017275r2025-05-08 15:22:52w2025-05-08yTEXL